000 01188nam a22003497a 4500
003 CHAP
005 20220329134033.0
008 971013s1985 r 00010 d
010 _a14477
011 _a15449
035 _a19525
040 _cCHAP
090 _aTesis
100 0 0 _aHernández Livera, Adrián.
_954220
245 _aEfecto de la fertilización y densidad de población en el rendimiento y calidad de semilla de girasol
260 _aChapingo, Méx. ; El Autor,
_c1985
300 _a103 h.
502 _aTesis (M. en C. Esp. en Genética) -- CP.Centro de Genética
590 _aALEPH
_b10
_c20130110
_lUCH01
_h1236
590 _aBATCH-UPD
_b10
_c20130110
_lUCH01
_h2028
590 _aBATCH-UPD
_b10
_c20130410
_lUCH01
_h1346
590 _aBATCH-UPD
_b10
_c20130914
_lUCH01
_h1426
590 _aCONVERSION
_b10
_c20130109
_lUCH01
_h1309
650 1 4 _aFertilizantes
_xEfecto en girasol.
_940514
650 1 4 _aGirasol
_xEspaciamiento.
_948145
650 1 4 _aGirasol
_xRendimiento.
_948171
650 1 4 _aGirasol
_xSemilla.
_948175
901 _aBK
942 _cFOLL
949 _bBC
_cTES
_d-45436
_eTS1
_h17503
_i19525
_si
949 _bBC
_cTES
_d-45438
_eTS2
_fc.2
_h17504
_i19525
_si
999 _c14477
_d14477